| 000 | 00601nam a2200193 a 4500 | ||
|---|---|---|---|
| 001 | 000035514 | ||
| 005 | 20200930074411.0 | ||
| 008 | 111102s1972 xxu 000 f eng d | ||
| 040 |
_aDO-SdBNP _bspa _cBNPHU |
||
| 041 | 1 | 7 | _aeng |
| 100 | 1 |
_aKosinski, Jerzy, _d1933-1991 _961399 |
|
| 245 | 1 | 4 |
_aThe painted bird / _cJerzy Kosinski. |
| 250 | _a5th. ed. | ||
| 260 |
_aNew York : _bBantam Books, _c1972. |
||
| 300 |
_a213 p. ; _c18 cm. |
||
| 590 | _aPerteneció a la biblioteca personal de Juan Isidro Jimenes Grullón | ||
| 650 | 2 | 4 |
_aNovela estadounidense _9262 |
| 650 | 2 | 4 |
_aLiteratura estadounidense _9263 |
| 999 |
_c35005 _d35005 |
||